000 003300000a22001450004500
003 MACL
005 20151227162807.0
008 151227b xxu||||| |||| 00| 0 eng d
040 _aMACL
_cmacl
041 _aEnglish
082 _a100
245 _aNyaya Theory of Knowledge
650 _aPhilosophy
_923579
942 _cBK
_k100
_2ddc
999 _c39470
_d39470